| 000 | 00669nam a22002057a 4500 | ||
|---|---|---|---|
| 003 | OSt | ||
| 005 | 20250701063133.0 | ||
| 008 | 250618b |||||||| |||| 00| 0 eng d | ||
| 020 | _a9781259907944 | ||
| 040 |
_aDWCL - Main lib _cOC |
||
| 082 | _aCirc. 174.2 P397m 2017 | ||
| 100 | _aPence, Gregory | ||
| 245 |
_aMedical ethics: _baccounts of ground-breaking cases/ _cGregory Pence |
||
| 250 | _aEight edition | ||
| 260 |
_aNew York: _bMcGraw Hill Education, _cc2017. |
||
| 300 |
_axxi, 421 pages; _c23 cm. |
||
| 504 | _aIncludes bibliographical references and index. | ||
| 650 | _a1. Medical ethics-Case studies. | ||
| 942 |
_2ddc _cBK-CIRC _eEighth edition _kCirc. _n0 |
||
| 999 |
_c3121 _d3121 |
||